000 01163cam a22002534a 4500
999 _c7161
_d7161
001 12303605
005 20170921115235.0
008 010208s2001 nyu b 001 0 eng
010 _a 2001030229
020 _a0071374906
040 _aDLC
_cDLC
_dDLC
042 _apcc
050 0 0 _aGE140
_b.P56 2001
082 0 0 _a333.7/2
_221
100 1 _aPimm, Stuart L.
_q(Stuart Leonard)
_936045
245 1 4 _aThe world according to Pimm :
_ba scientist audits the Earth /
_cStuart L. Pimm.
260 _aNew York :
_bMcGraw-Hill,
_cc2001.
300 _axiii, 285 p., [13] p. of plates :
_bmaps ;
_c24 cm.
504 _aIncludes bibliographical references (p. 251-272) and index.
650 0 _aEnvironmental degradation.
_936042
856 4 2 _3Contributor biographical information
_uhttp://www.loc.gov/catdir/bios/mh041/2001030229.html
906 _a7
_bcbc
_corignew
_d1
_eocip
_f20
_gy-gencatlg
942 _2lcc
_cMONOGRAPH